000 00620nam a22001937a 4500
005 20251108164915.0
008 250721s1988 xx 000 0 ara d
082 1 4 _a647.94068/أحم
100 1 _aماهر، أحمد
245 1 0 _aتنظيم و إدارة المنشآت السياحية و الفندقية /
264 1 _aالإسكندريه :
_bالمكتب العربي الحديث،
_c1988.
300 _a503ص
650 1 7 _aالفنادق
650 1 7 _aالمباني السياحية
650 1 7 _aالسياحة
700 1 _aأبو قحف، عبد السلام
942 _2ddc
_cBK
999 _c17168
_d17168